| 000 | 00434nam a2200181Ia 4500 | ||
|---|---|---|---|
| 001 | 5040 | ||
| 005 | 20260306145839.0 | ||
| 008 | 260306t2016||||xx |||||||||||||| ||spa|| | ||
| 041 | _aESP | ||
| 082 |
_a332.678 _bA61 |
||
| 100 |
_aAngulo Aguirre, Luis _eAUT |
||
| 245 | 0 | _aProyectos, formulación y evaluación | |
| 260 | _c2016 | ||
| 300 |
_a438 páginas : _c25 cm. |
||
| 650 | _aGEN | ||
| 654 | _aCAN | ||
| 942 |
_cLIB _dJUS _fJUS _2ddc _n |
||
| 999 |
_c5040 _d5040 |
||